Del aula al museo (Record no. 86340)

MARC details
000 -LEADER
campo de control de longitud fija 01127nam a2200289 i 4500
001 - NÚMERO DE CONTROL
campo de control 86340
003 - IDENTIFICADOR DE NÚMERO DE CONTROL
campo de control ES-MaACL
005 - FECHA Y HORA DE LA ÚLTIMA TRANSACCIÓN
campo de control 20240613130803.0
007 - CAMPO FIJO DE DESCRIPCIÓN FÍSICA--INFORMACIÓN GENERAL
campo de control de longitud fija t|
008 - DATOS DE LONGITUD FIJA--INFORMACIÓN GENERAL
campo de control de longitud fija 041228s2000 sp ||||1| spa d
022 ## - NÚMERO INTERNACIONAL NORMALIZADO PARA PUBLICACIONES SERIADAS
Número Internacional Normalizado para Publicaciones Seriadas 0210-0630
080 ## - NÚMERO DE LA CLASIFICACIÓN DECIMAL UNIVERSAL
Número de la Clasificación Decimal Universal (058)069(460)
245 00 - MENCIÓN DEL TÍTULO
Título Del aula al museo
Resto del título : guía didáctica del patrimonio [
Medio Recurso electrónico] /
Mención de responsabilidad, etc. F. Xavier Hernández, Edmon Castells y Laura Costa.
260 ## - PUBLICACIÓN, DISTRIBUCIÓN, ETC.
Lugar de publicación, distribución, etc. [Barcelona] :
Nombre del editor, distribuidor, etc. Praxis,
Fecha de publicación, distribución, etc. [2000?]
300 ## - DESCRIPCIÓN FÍSICA
Extensión 1 disco compacto (CD-ROM) ;
Dimensiones 12 cm.
490 1# - MENCIÓN DE SERIE
Mención de serie Cuadernos de pedagogía (CD-ROM
500 ## - NOTA GENERAL
Nota general Requerimientos mínimos del sistema: Procesador 486 DX, Pentium, Windows 3.1, monitor 640 x 480, 256 colores, 6 Mb memoria RAM. Windows versión 3.1 o superior.
500 ## - NOTA GENERAL
Nota general Distribuido con la revista Cuadernos de Pedagogía.
650 #4 - PUNTO DE ACCESO ADICIONAL DE MATERIA--TÉRMINO DE MATERIA
Término de materia o nombre geográfico como elemento de entrada Museos-
Subdivisión geográfica España-
Subdivisión de forma Directorios.
9 (RLIN) 15367
700 1# - ENTRADA AGREGADA--NOMBRE PERSONAL
Nombre de persona Hernández, F. X.
9 (RLIN) 62805
700 1# - ENTRADA AGREGADA--NOMBRE PERSONAL
Nombre de persona Castells, Edmon.
9 (RLIN) 36585
700 1# - ENTRADA AGREGADA--NOMBRE PERSONAL
Nombre de persona Costa, Laura.
9 (RLIN) 41064
830 0# - PUNTO DE ACCESO ADICIONAL DE SERIE-TÍTULO UNIFORME
Título uniforme Cuadernos de pedagogía (CD-ROM)
9 (RLIN) 183997
852 ## - LOCALIZACIÓN
Ubicación ES-MaACL
Número de control de estantería ROT 1/6/38
942 ## - ELEMENTOS DE ENTRADA SECUNDARIOS (KOHA)
Fuente del sistema de clasificación o colocación Clasificación decimal universal
Holdings
Estatus retirado Estado de pérdida Estado de daño No para préstamo Biblioteca de origen Biblioteca actual Ubicación en estantería Fecha de adquisición Fuente de adquisición Total de préstamos Signatura topográfica completa Código de barras Visto por última vez Precio de reemplazo Tipo de ítem Koha
        Biblioteca del Ateneo de Madrid Biblioteca del Ateneo de Madrid Depósito 17/01/2008     ROT 1/6/38 1090209 23/02/2023 23/02/2023 Archivo de ordenador en CD-ROM, CD o disquete